Statistics for 1977 College Football AP Poll

Click here to take the quiz!

General Stats

  • This quiz has been taken 15 times
  • The average score is 235 of 280

Answer Stats

WeekRankTeamWLTConference% Correct
Week 7 (10/24)1Texas60Southwest
100%
Week 9 (11/7)1Texas80Southwest
100%
Week 8 (10/31)1Texas70Southwest
100%
Week 8 (10/31)2Alabama71SEC
100%
Week 3 (9/26)3Michigan30Big Ten
100%
Week 3 (9/26)2USC30Pacific-8
100%
Week 8 (10/31)5Notre Dame61Independent
100%
Week 8 (10/31)6Michigan71Big Ten
100%
Week 8 (10/31)16USC53Pacific-8
100%
Week 9 (11/7)2Alabama81SEC
100%
Week 7 (10/24)10USC52Pacific-8
100%
Week 2 (9/19)11Notre Dame11Independent
100%
Week 5 (10/10)1Michigan50Big Ten
100%
Week 2 (9/19)9Texas20Southwest
100%
Week 9 (11/7)5Notre Dame71Independent
100%
Week 9 (11/7)6Michigan81Big Ten
100%
Week 9 (11/7)14USC63Pacific-8
100%
Week 10 (11/14)1Texas90Southwest
100%
Week 3 (9/26)8Texas20Southwest
100%
Week 3 (9/26)10Alabama21SEC
100%
Week 2 (9/19)2USC20Pacific-8
100%
Week 6 (10/17)3Alabama51SEC
100%
Week 5 (10/10)4Alabama41SEC
100%
Week 5 (10/10)6USC41Pacific-8
100%
Week 5 (10/10)11Notre Dame31Independent
100%
Week 4 (10/3)11Notre Dame31Independent
100%
Week 6 (10/17)1Michigan60Big Ten
100%
Week 6 (10/17)2Texas50Southwest
100%
Week 4 (10/3)7Alabama31SEC
100%
Week 4 (10/3)5Texas30Southwest
100%
Week 7 (10/24)6Michigan61Big Ten
100%
Week 4 (10/3)3Michigan40Big Ten
100%
Week 6 (10/17)5USC51Pacific-8
100%
Week 4 (10/3)1USC40Pacific-8
100%
Week 6 (10/17)11Notre Dame41Independent
100%
Preseason2Michigan00Big Ten
100%
Week 7 (10/24)2Alabama61SEC
100%
Week 3 (9/26)14Notre Dame21Independent
100%
Week 7 (10/24)5Notre Dame51Independent
100%
Week 10 (11/14)2Alabama91SEC
100%
Week 2 (9/19)10Alabama11SEC
100%
Week 2 (9/19)1Michigan20Big Ten
100%
Postseason1Notre Dame111Independent
100%
Week 1 (9/12)3Notre Dame10Independent
100%
Week 1 (9/12)2USC10Pacific-8
100%
Week 12 (11/28)3Alabama101SEC
100%
Week 12 (11/28)4Michigan101Big Ten
100%
Week 12 (11/28)5Notre Dame91Independent
100%
Week 12 (11/28)20USC74Pacific-8
100%
Postseason2Alabama111SEC
100%
Week 12 (11/28)1Texas110Southwest
100%
Postseason4Texas111Southwest
100%
Postseason9Michigan102Big Ten
100%
Preseason6Alabama00SEC
100%
Postseason13USC84Pacific-8
100%
Preseason4USC00Pacific-8
100%
Preseason3Notre Dame00Independent
100%
Week 1 (9/12)4Alabama10SEC
100%
Week 1 (9/12)1Michigan10Big Ten
100%
Week 5 (10/10)2Texas40Southwest
100%
Week 11 (11/21)4Michigan101Big Ten
100%
Week 10 (11/14)6Notre Dame81Independent
100%
Week 11 (11/21)2Alabama91SEC
100%
Week 11 (11/21)1Texas100Southwest
100%
Week 10 (11/14)5Michigan91Big Ten
100%
Week 11 (11/21)5Notre Dame91Independent
100%
Week 1 (9/12)18Texas10Southwest
100%
Week 5 (10/10)7Oklahoma41Big Eight
92%
Week 5 (10/10)9Nebraska41Big Eight
92%
Week 9 (11/7)12Nebraska72Big Eight
92%
Week 5 (10/10)16LSU31SEC
92%
Postseason12Nebraska93Big Eight
92%
Postseason11Ohio State93Big Ten
92%
Week 5 (10/10)5Ohio State41Big Ten
92%
Week 10 (11/14)4Ohio State91Big Ten
92%
Postseason7Oklahoma102Big Eight
92%
Week 10 (11/14)11Nebraska82Big Eight
92%
Week 6 (10/17)4Ohio State51Big Ten
92%
Week 10 (11/14)20UCLA73Pacific-8
92%
Week 11 (11/21)8Ohio State92Big Ten
92%
Week 9 (11/7)4Ohio State81Big Ten
92%
Week 10 (11/14)3Oklahoma91Big Eight
92%
Week 11 (11/21)11Nebraska82Big Eight
92%
Week 11 (11/21)17UCLA73Pacific-8
92%
Week 8 (10/31)3Oklahoma71Big Eight
92%
Week 8 (10/31)11Nebraska62Big Eight
92%
Week 7 (10/24)12Nebraska52Big Eight
92%
Week 8 (10/31)18LSU52SEC
92%
Week 12 (11/28)2Oklahoma101Big Eight
92%
Week 6 (10/17)6Oklahoma51Big Eight
92%
Week 11 (11/21)3Oklahoma91Big Eight
92%
Week 7 (10/24)4Oklahoma61Big Eight
92%
Week 7 (10/24)3Ohio State61Big Ten
92%
Week 9 (11/7)3Oklahoma81Big Eight
92%
Week 12 (11/28)9Ohio State91Big Ten
92%
Week 6 (10/17)18Nebraska42Big Eight
92%
Week 8 (10/31)4Ohio State71Big Ten
92%
Week 12 (11/28)12Nebraska82Big Eight
92%
Preseason1Oklahoma00Big Eight
92%
Week 2 (9/19)3Oklahoma20Big Eight
92%
Preseason11UCLA00Pacific-8
92%
Week 2 (9/19)4Ohio State20Big Ten
92%
Preseason19Georgia00SEC
92%
Week 1 (9/12)6Ohio State10Big Ten
92%
Preseason15Nebraska00Big Eight
92%
Week 3 (9/26)6Ohio State21Big Ten
92%
Week 3 (9/26)1Oklahoma30Big Eight
92%
Week 4 (10/3)2Oklahoma40Big Eight
92%
Week 4 (10/3)4Ohio State31Big Ten
92%
Week 3 (9/26)11Nebraska21Big Eight
92%
Week 4 (10/3)9Nebraska31Big Eight
92%
Week 2 (9/19)18UCLA11Pacific-8
92%
Week 1 (9/12)14UCLA00Pacific-8
92%
Week 1 (9/12)5Oklahoma10Big Eight
92%
Week 2 (9/19)14Nebraska11Big Eight
92%
Week 4 (10/3)18LSU21SEC
92%
Week 1 (9/12)17Georgia10SEC
92%
Preseason5Ohio State00Big Ten
92%
Week 9 (11/7)11Texas A&M61Southwest
85%
Week 2 (9/19)5Penn State20Independent
85%
Week 7 (10/24)9Penn State61Independent
85%
Week 3 (9/26)9Florida20SEC
85%
Week 7 (10/24)11Texas A&M51Southwest
85%
Week 1 (9/12)19Florida00SEC
85%
Week 11 (11/21)12Texas A&M72Southwest
85%
Week 7 (10/24)18Florida311Independent
85%
Week 1 (9/12)7Texas A&M10Southwest
85%
Week 2 (9/19)6Texas A&M20Southwest
85%
Week 11 (11/21)9Penn State91Independent
85%
Week 3 (9/26)4Penn State30Independent
85%
Week 3 (9/26)5Texas A&M30Southwest
85%
Week 10 (11/14)14Texas A&M62Southwest
85%
Week 11 (11/21)6Arkansas91Southwest
85%
Week 1 (9/12)10Penn State10Independent
85%
Week 8 (10/31)8Arkansas61Southwest
85%
Week 9 (11/7)9Penn State81Independent
85%
Week 8 (10/31)9Penn State71Independent
85%
Week 9 (11/7)8Arkansas71Southwest
85%
Week 10 (11/14)8Arkansas81Southwest
85%
Week 10 (11/14)9Penn State91Independent
85%
Week 1 (9/12)15Oklahoma State10Big Eight
85%
Week 2 (9/19)16Arkansas20Southwest
85%
Week 2 (9/19)13Florida10SEC
85%
Week 8 (10/31)10Texas A&M61Southwest
85%
Week 4 (10/3)20Florida21SEC
85%
Week 3 (9/26)12Arkansas30Southwest
85%
Week 6 (10/17)10Penn State51Independent
85%
Postseason15Stanford93Pacific-8
85%
Week 5 (10/10)8Arkansas40Southwest
85%
Week 5 (10/10)10Penn State41Independent
85%
Week 4 (10/3)12Texas A&M31Southwest
85%
Week 5 (10/10)13Texas A&M31Southwest
85%
Preseason9Texas A&M00Southwest
85%
Postseason5Penn State111Independent
85%
Week 4 (10/3)10Penn State31Independent
85%
Week 5 (10/10)18Florida211SEC
85%
Postseason3Arkansas111Southwest
85%
Week 4 (10/3)7Arkansas40Southwest
85%
Preseason13Penn State00Independent
85%
Week 12 (11/28)17Texas A&M73Southwest
85%
Week 6 (10/17)9Arkansas41Southwest
85%
Week 7 (10/24)8Arkansas51Southwest
85%
Week 12 (11/28)6Arkansas101Southwest
85%
Week 6 (10/17)19Florida211SEC
85%
Preseason20Oklahoma State00Big Eight
85%
Preseason18Florida00SEC
85%
Week 6 (10/17)12Texas A&M41Southwest
85%
Week 12 (11/28)8Penn State101Independent
85%
Week 11 (11/21)18BYU82WAC
77%
Week 10 (11/14)12Arizona State81WAC
77%
Week 11 (11/21)19Arizona State82WAC
77%
Postseason10Washington84Pacific-8
77%
Week 12 (11/28)15Arizona State92WAC
77%
Preseason17Arizona State00WAC
77%
Postseason14Florida State102Independent
77%
Postseason18Arizona State93WAC
77%
Postseason19Clemson831ACC
77%
Week 1 (9/12)20BYU10WAC
77%
Preseason8Texas Tech00Southwest
77%
Week 11 (11/21)14Washington74Pacific-8
77%
Week 10 (11/14)13Florida State81Independent
77%
Week 10 (11/14)15Clemson721ACC
77%
Week 11 (11/21)13Clemson821ACC
77%
Week 10 (11/14)16Texas Tech72Southwest
77%
Week 10 (11/14)17BYU72WAC
77%
Week 10 (11/14)19Washington64Pacific-8
77%
Week 1 (9/12)13Mississippi State20SEC
77%
Week 1 (9/12)12Colorado10Big Eight
77%
Week 11 (11/21)20Florida State82Independent
77%
Preseason16Mississippi State00SEC
77%
Week 12 (11/28)11Clemson821ACC
77%
Week 12 (11/28)19Florida State82Independent
77%
Week 12 (11/28)13Washington73Pacific-8
77%
Week 12 (11/28)17BYU92WAC
77%
Week 1 (9/12)8Texas Tech10Southwest
77%
Preseason12Colorado00Big Eight
77%
Postseason20BYU92WAC
77%
Week 9 (11/7)18Texas Tech62Southwest
77%
Week 6 (10/17)17BYU41WAC
77%
Week 7 (10/24)17BYU51WAC
77%
Week 7 (10/24)16Clemson61ACC
77%
Week 7 (10/24)15Colorado511Big Eight
77%
Week 7 (10/24)14Texas Tech51Southwest
77%
Week 3 (9/26)13Texas Tech21Southwest
77%
Week 3 (9/26)15BYU20WAC
77%
Week 3 (9/26)17California30Pacific-8
77%
Week 6 (10/17)20Clemson51ACC
77%
Week 3 (9/26)18Mississippi State21SEC
77%
Week 6 (10/17)15California51Pacific-8
77%
Week 2 (9/19)20BYU10WAC
77%
Week 6 (10/17)13Texas Tech51Southwest
77%
Week 6 (10/17)7Colorado501Big Eight
77%
Week 3 (9/26)20Arizona State20WAC
77%
Week 4 (10/3)6Colorado40Big Eight
77%
Week 5 (10/10)20California41Pacific-8
77%
Week 5 (10/10)15Texas Tech41Southwest
77%
Week 4 (10/3)13BYU30WAC
77%
Week 4 (10/3)14California40Pacific-8
77%
Week 4 (10/3)17Texas Tech31Southwest
77%
Week 5 (10/10)3Colorado50Big Eight
77%
Week 7 (10/24)20Florida State51Independent
77%
Week 3 (9/26)7Colorado30Big Eight
77%
Week 2 (9/19)12Mississippi State20SEC
77%
Week 2 (9/19)7Texas Tech20Southwest
77%
Week 9 (11/7)17Arizona State71WAC
77%
Week 9 (11/7)16Florida State71Independent
77%
Week 8 (10/31)13Clemson71ACC
77%
Week 9 (11/7)15Clemson711ACC
77%
Week 8 (10/31)14BYU61WAC
77%
Week 8 (10/31)15Florida State61Independent
77%
Week 8 (10/31)19Arizona State61WAC
77%
Week 2 (9/19)8Colorado20Big Eight
77%
Week 9 (11/7)13BYU71WAC
77%
Week 8 (10/31)17California62Pacific-8
77%
Week 6 (10/17)16Iowa State51Big Eight
69%
Week 12 (11/28)10Pittsburgh821Independent
69%
Week 10 (11/14)10Pittsburgh811Independent
69%
Week 1 (9/12)11Maryland10ACC
69%
Week 12 (11/28)14North Carolina841ACC
69%
Week 1 (9/12)16Pittsburgh01Independent
69%
Week 5 (10/10)17Pittsburgh311Independent
69%
Postseason8Pittsburgh921Independent
69%
Preseason7Pittsburgh00Independent
69%
Week 4 (10/3)15Pittsburgh31Independent
69%
Postseason17North Carolina831ACC
69%
Preseason10Maryland00ACC
69%
Week 6 (10/17)14Pittsburgh411Independent
69%
Week 9 (11/7)10Pittsburgh711Independent
69%
Week 2 (9/19)15Washington State20Pacific-8
69%
Week 8 (10/31)19Iowa State62Big Eight
69%
Week 3 (9/26)16Pittsburgh21Independent
69%
Week 9 (11/7)19North Carolina621ACC
69%
Week 8 (10/31)12Pittsburgh611Independent
69%
Week 11 (11/21)10Pittsburgh811Independent
69%
Week 10 (11/14)18North Carolina721ACC
69%
Week 7 (10/24)13Pittsburgh511Independent
69%
Week 11 (11/21)15North Carolina821ACC
69%
Week 1 (9/12)9Houston00Southwest
62%
Week 2 (9/19)19Houston11Southwest
62%
Week 4 (10/3)16Kentucky31SEC
62%
Week 11 (11/21)7Kentucky101SEC
62%
Week 5 (10/10)12Kentucky41SEC
62%
Postseason6Kentucky101SEC
62%
Week 12 (11/28)7Kentucky101SEC
62%
Week 5 (10/10)19Houston31Southwest
62%
Preseason14Houston00Southwest
62%
Week 10 (11/14)7Kentucky91SEC
62%
Week 9 (11/7)7Kentucky81SEC
62%
Week 6 (10/17)8Kentucky51SEC
62%
Week 3 (9/26)19Houston21Southwest
62%
Week 7 (10/24)7Kentucky61SEC
62%
Week 8 (10/31)7Kentucky71SEC
62%
Week 2 (9/19)17West Virginia20Independent
62%
Week 4 (10/3)19Wisconsin40Big Ten
54%
Week 5 (10/10)14Wisconsin50Big Ten
54%
Week 7 (10/24)19Minnesota52Big Ten
54%
Week 11 (11/21)16San Diego State91Independent
8%
Week 12 (11/28)16San Diego State91Independent
8%
Postseason16San Diego State101Independent
8%
Week 9 (11/7)20Colgate90Independent
8%

Score Distribution

Percentile by Number Answered

Percent of People with Each Score

Your Score History

You have not taken this quiz